[Event "Top Loire 2011-2012"]
[Site "Loire"]
[Date "2011.10.08"]
[Round "1.1"]
[White "Furnon, Yannick"]
[Black "Morice, Ludovic"]
[Result "0-1"]
[WhiteElo "1860"]
[BlackElo "2067"]
[PlyCount "64"]

1. d4 Nf6 2. c4 e6 3. Nc3 Bb4 4. e3 O-O 5. Bd3 Bxc3+ 6. bxc3 d6 7. Ne2 e5 8.
Qc2 Re8 9. Ng3 Nc6 10. O-O b6 11. Ne4 h6 12. Nxf6+ Qxf6 13. Be4 Bb7 14. Ba3
exd4 15. cxd4 Na5 16. d5 Qh4 17. Bd3 Ba6 18. Rac1 Re5 19. Bb2 Rh5 20. h3 Bc8
21. Be2 Rg5 22. f4 Rg3 23. Rf3 Bxh3 24. Rxg3 Qxg3 25. Bf3 Bg4 26. Rf1 Bd7 27.
Qc3 Re8 28. Bc1 Bf5 29. Qd4 Qg6 30. Bb2 f6 31. Qd1 Bc2 32. Qd4 Qd3 0-1

[Event "Top Loire 2011-2012"]
[Site "Loire"]
[Date "2011.10.08"]
[Round "1.2"]
[White "Tchalimian, Pascal"]
[Black "Walter, Alain"]
[Result "1-0"]
[WhiteElo "2059"]
[BlackElo "1810"]
[PlyCount "113"]

1. e4 c6 2. d4 d5 3. f3 dxe4 4. fxe4 Nf6 5. Nc3 Bg4 6. Nf3 e6 7. Be3 Bb4 8. Bd3
Nbd7 9. O-O O-O 10. Qd2 c5 11. a3 cxd4 12. Nxd4 Bc5 13. Na4 Be7 14. Nf3 Qc7 15.
c4 Nc5 16. Nxc5 Bxc5 17. b4 Bxe3+ 18. Qxe3 Rfd8 19. e5 Nd7 20. Rae1 Bxf3 21.
Rxf3 Nf8 22. c5 Rd7 23. Bb5 Re7 24. Qg5 Ng6 25. Rg3 Qd8 26. Rd3 Rd7 27. Qxd8+
Rdxd8 28. g3 Kf8 29. Rd6 Ke7 30. Bd3 Nf8 31. Be4 Rab8 32. Red1 Nd7 33. Kf2 Nxe5
34. Rxd8 Rxd8 35. Rxd8 Kxd8 36. Bxb7 Kc7 37. Ba6 Ng4+ 38. Kg1 Ne3 39. Bd3 h6
40. h3 Nd5 41. Kf2 f6 42. Bc4 Kc6 43. Ke2 Nc7 44. Kd3 e5 45. Ke4 a6 46. Kf5 Nb5
47. a4 Nc3 48. Bxa6 Nxa4 49. Kg6 Nc3 50. Kxg7 Nb5 51. Bc8 e4 52. Kxh6 Nd4 53.
Bg4 f5 54. Bd1 Kb5 55. Kg6 Kxb4 56. c6 Nxc6 57. Kxf5 1-0

[Event "Top Loire 2011-2012"]
[Site "Loire"]
[Date "2011.10.08"]
[Round "1.3"]
[White "Longueville, Thomas"]
[Black "Deville, Olivier"]
[Result "0-1"]
[WhiteElo "1794"]
[BlackElo "1979"]
[PlyCount "68"]

1. Nf3 c5 2. g3 Nc6 3. Bg2 Nf6 4. d3 g6 5. e4 d6 6. c3 Bg7 7. Qb3 O-O 8. O-O
Rb8 9. a4 a6 10. Qc2 b5 11. axb5 axb5 12. d4 Nd7 13. Rd1 cxd4 14. cxd4 Bb7 15.
Bf4 Ra8 16. Ra3 Rxa3 17. Nxa3 Qa5 18. Bh3 Nf6 19. d5 Nb8 20. Bd2 Qa4 21. Qxa4
bxa4 22. Re1 Nbd7 23. Bc3 Nc5 24. Nd2 Ba6 25. f4 Bd3 26. Bg2 Rb8 27. Nac4 Nb3
28. Re3 Nxd2 29. Nxd2 Ba6 30. Bf3 Nd7 31. Bxg7 Kxg7 32. Ra3 Nc5 33. b3 axb3 34.
Nxb3 Rxb3 0-1

[Event "Top Loire 2011-2012"]
[Site "Loire"]
[Date "2011.10.08"]
[Round "1.4"]
[White "Cursoux, Gerard"]
[Black "Andre, Gregory"]
[Result "0-1"]
[WhiteElo "1960"]
[BlackElo "1720"]
[PlyCount "88"]

1. d4 Nf6 2. Nc3 d5 3. Bf4 c6 4. e3 Bf5 5. Nf3 h6 6. Bd3 Bxd3 7. cxd3 e6 8. e4
dxe4 9. dxe4 Bb4 10. Qe2 O-O 11. a3 Ba5 12. O-O Nbd7 13. Rac1 Re8 14. Bd2 Bc7
15. Rfd1 Qe7 16. Nb5 Bxh2+ 17. Nxh2 cxb5 18. e5 Nd5 19. Qxb5 N7b6 20. Qe2 Rac8
21. Qh5 Nc4 22. Rc2 Nxd2 23. Rdxd2 Qg5 24. Qxg5 hxg5 25. Nf3 f6 26. Ne1 Red8
27. Nd3 b6 28. g3 Kf7 29. Kf1 Ke7 30. Ke2 g4 31. Ne1 f5 32. Rxc8 Rxc8 33. Nc2
g5 34. Ne3 Nxe3 35. Kxe3 Rc1 36. f3 gxf3 37. Kxf3 g4+ 38. Kf2 Kd7 39. d5 exd5
40. Rxd5+ Ke6 41. Rb5 Rc5 42. Rxc5 bxc5 43. b3 Kxe5 44. Ke3 a6 0-1

[Event "Top Loire 2011-2012"]
[Site "Loire"]
[Date "2011.10.06"]
[Round "1.5"]
[White "Vier, Serge"]
[Black "Muller, Anthony"]
[Result "0-1"]
[WhiteElo "1720"]
[BlackElo "1950"]
[PlyCount "48"]

1. d4 d5 2. c4 e6 3. Nc3 Nf6 4. Bg5 Nbd7 5. cxd5 exd5 6. Nf3 c6 7. e3 Bd6 8.
Bd3 O-O 9. O-O Re8 10. Qc2 Nf8 11. Rab1 Bg4 12. Nd2 Bh5 13. b4 Bxh2+ 14. Kh1
Bd6 15. b5 Ne6 16. Bxf6 Qxf6 17. g3 Ng5 18. Be2 Qh6 19. Kg2 Bg6 20. Bd3 Qh3+
21. Kg1 Bxg3 22. fxg3 Qxg3+ 23. Kh1 Bxd3 24. Qxd3 Re6 0-1

[Event "Top Loire 2011-2012"]
[Site "Loire"]
[Date "2011.10.08"]
[Round "1.6"]
[White "Garon, Pierre"]
[Black "Bruel, Bruno"]
[Result "1-0"]
[WhiteElo "1919"]
[BlackElo "1710"]
[PlyCount "107"]

1. d4 d5 2. Bg5 Nf6 3. Nd2 Bf5 4. e3 e6 5. f4 Nbd7 6. Ngf3 h6 7. Bh4 Be7 8. Be2
O-O 9. O-O Ng4 10. Bf2 Nxf2 11. Rxf2 c5 12. c3 cxd4 13. exd4 Rc8 14. Ne5 Nf6
15. a4 Qb6 16. Ra2 a6 17. a5 Qd8 18. Bf3 Re8 19. Qe2 Bf8 20. g4 Bh7 21. Ra1 Bd6
22. Qe3 Re7 23. h4 b5 24. g5 hxg5 25. hxg5 Ne8 26. b4 Rec7 27. Rc1 Bxb4 28. g6
fxg6 29. c4 Bxd2 30. Rxd2 bxc4 31. Bg4 Re7 32. Nf3 Qd6 33. Ng5 Nc7 34. Rh2 Rf8
35. Rf1 Ne8 36. Nxh7 Nf6 37. Nxf6+ Rxf6 38. Re2 Kf7 39. Qe5 Qd7 40. Rb1 Qc7 41.
Rb6 Qc8 42. Qxd5 c3 43. Qc5 Rc7 44. Qd6 c2 45. Rxc2 Rxc2 46. Rb8 Rc1+ 47. Kf2
Rf1+ 48. Kxf1 Qc1+ 49. Kg2 Qd2+ 50. Kg3 Qe3+ 51. Bf3 Qg1+ 52. Kh3 Qf1+ 53. Bg2
Qd3+ 54. Kh2 1-0

[Event "Top Loire 2011-2012"]
[Site "Loire"]
[Date "2011.10.08"]
[Round "1.7"]
[White "Moleins, Adrien"]
[Black "Jan, Christophe"]
[Result "1-0"]
[WhiteElo "1696"]
[BlackElo "1880"]
[PlyCount "101"]

1. e4 e6 2. d4 d5 3. e5 c5 4. c3 Nc6 5. Nf3 Qb6 6. a3 a5 7. Bd3 c4 8. Bc2 Qd8
9. Ng5 g6 10. Qf3 Nh6 11. a4 Bg7 12. Na3 O-O 13. Qg3 Nf5 14. Bxf5 exf5 15. f4
f6 16. Nf3 Re8 17. O-O b6 18. Nb5 Bf8 19. exf6 Na7 20. Qh4 Nxb5 21. Ng5 Ra7 22.
axb5 Qxf6 23. Qg3 Bd7 24. Qf3 Qd6 25. Bd2 h6 26. Nh3 Bxb5 27. Rae1 Rae7 28. Re5
Bc6 29. Be1 Bg7 30. Bh4 Re6 31. Rfe1 Bxe5 32. fxe5 Qf8 33. Nf4 g5 34. Nxe6 Rxe6
35. Bg3 Kg7 36. Rf1 Kg6 37. h4 f4 38. Qg4 Re7 39. Rxf4 Qe8 40. Rf6+ Kg7 41.
hxg5 h5 42. Qf5 Bd7 43. Qf3 Be6 44. g6 Qg8 45. Qxh5 Qh8 46. Qf3 Qe8 47. Bh4 b5
48. Qh5 Qh8 49. Qxh8+ Kxh8 50. Rf8+ Kg7 51. Bxe7 1-0

[Event "Top Loire 2011-2012"]
[Site "Loire"]
[Date "2011.10.08"]
[Round "1.8"]
[White "Licata-Messana, Luc"]
[Black "Pareux, Marc"]
[Result "1-0"]
[WhiteElo "1870"]
[BlackElo "1680"]
[PlyCount "56"]

1. c4 g6 2. g3 Bg7 3. Bg2 e5 4. Nc3 Ne7 5. e4 O-O 6. Nge2 d6 7. O-O Nbc6 8. d3
f5 9. Nd5 Nxd5 10. cxd5 Ne7 11. Rb1 Rf7 12. Qc2 Qf8 13. Bg5 h6 14. Bxe7 Qxe7
15. b4 g5 16. f3 h5 17. Rbc1 f4 18. Qd2 Kh7 19. a4 Bh6 20. d4 fxg3 21. hxg3 g4
22. f4 exf4 23. Nxf4 h4 24. Qe3 Qg5 25. Kh2 hxg3+ 26. Kxg3 b6 27. e5 dxe5 28.
dxe5 Bb7 1-0

[Event "Top Loire 2011-2012"]
[Site "Loire"]
[Date "2011.10.08"]
[Round "1.9"]
[White "Boeuf, Jean-Julien"]
[Black "Aumont-Mathieu, Georges"]
[Result "1/2-1/2"]
[WhiteElo "1550"]
[BlackElo "1860"]
[PlyCount "52"]

1. e4 e5 2. Nf3 Nc6 3. Bc4 Nf6 4. d3 Be7 5. c3 d5 6. exd5 Nxd5 7. Bb3 Bf5 8.
O-O O-O 9. Re1 Bf6 10. h3 h6 11. Bc2 Re8 12. a3 a5 13. c4 Nb6 14. Nc3 Nd4 15.
Nxd4 exd4 16. Ne2 Qd7 17. Bf4 c5 18. Qd2 Nxc4 19. dxc4 d3 20. Bxd3 Qxd3 21. Ng3
Qxd2 22. Bxd2 Rxe1+ 23. Rxe1 Bd3 24. Bc3 Bxc3 25. bxc3 Bxc4 26. Re5 Rc8 1/2-1/2

[Event "Top Loire 2011-2012"]
[Site "Loire"]
[Date "2011.11.05"]
[Round "2.1"]
[White "Morice, Ludovic"]
[Black "Garon, Pierre"]
[Result "1-0"]
[WhiteElo "2067"]
[BlackElo "1919"]
[PlyCount "45"]
[EventDate "2011.??.??"]

1. d4 d5 2. c4 e6 3. Nc3 Nf6 4. cxd5 exd5 5. Bg5 Be7 6. e3 c6 7. Bd3 Nbd7 8.
Qc2 Nh5 9. Bxe7 Qxe7 10. O-O-O g6 11. Nge2 Nb6 12. h3 Be6 13. Kb1 O-O-O 14. Ka1
Kb8 15. Na4 Nxa4 16. Qxa4 Ng7 17. b4 Ne8 18. Rb1 a6 19. Rhc1 Bd7 20. Qa5 Nd6
21. Qb6 Nb5 22. Bxb5 cxb5 23. Rc7 1-0

[Event "Top Loire 2011-2012"]
[Site "Loire"]
[Date "2011.11.05"]
[Round "2.2"]
[White "Andre, Gregory"]
[Black "Tchalimian, Pascal"]
[Result "0-1"]
[WhiteElo "1720"]
[BlackElo "2059"]
[PlyCount "44"]
[EventDate "2011.??.??"]

1. Nf3 d5 2. c4 e6 3. g3 d4 4. Bg2 Nf6 5. d3 Nc6 6. O-O Be7 7. a3 a5 8. Re1 O-O
9. e3 Rb8 10. Qe2 Bc5 11. Nbd2 dxe3 12. fxe3 e5 13. Ng5 Ng4 14. Nde4 Ba7 15.
Nf3 f5 16. Nf2 Nxf2 17. Qxf2 Qxd3 18. Bf1 Qb3 19. Qe2 f4 20. Kg2 e4 21. exf4
exf3+ 22. Qxf3 Bh3+ 0-1

[Event "Top Loire 2011-2012"]
[Site "Loire"]
[Date "2011.11.05"]
[Round "2.3"]
[White "Deville, Olivier"]
[Black "Licata-Messana, Luc"]
[Result "0-1"]
[WhiteElo "1979"]
[BlackElo "1870"]
[PlyCount "64"]
[EventDate "2011.??.??"]

1. c4 c6 2. d4 d5 3. Nf3 Nf6 4. Qc2 g6 5. Bf4 Bf5 6. Qb3 Qb6 7. c5 Qxb3 8. axb3
Na6 9. Bd2 Bg7 10. e3 Nc7 11. Nc3 Bc2 12. b4 a6 13. Ne5 Nd7 14. f4 Nxe5 15.
fxe5 O-O 16. Na4 Rad8 17. Bc3 f6 18. exf6 Rxf6 19. Be2 Be4 20. Rg1 Nb5 21. Nb6
Nxc3 22. bxc3 Bh6 23. Kd2 Rf2 24. Raf1 Rxg2 25. Rxg2 Bxg2 26. Rf2 Bh3 27. c4 e5
28. dxe5 d4 29. Rf6 dxe3+ 30. Ke1 Rd2 31. Rd6 Bg5 32. e6 Bh4# 0-1

[Event "Top Loire 2011-2012"]
[Site "Loire"]
[Date "2011.11.05"]
[Round "2.4"]
[White "Muller, Anthony"]
[Black "Moleins, Adrien"]
[Result "1-0"]
[WhiteElo "1950"]
[BlackElo "1696"]
[PlyCount "37"]
[EventDate "2011.??.??"]

1. d4 f5 2. g3 e6 3. Bg2 Nf6 4. Nf3 c5 5. O-O Nc6 6. c4 cxd4 7. Nxd4 Qb6 8. Nb5
Ne5 9. Bf4 a6 10. Qa4 Rb8 11. Bxe5 axb5 12. cxb5 d6 13. Bd4 Qd8 14. Qa7 Nd7 15.
Nc3 Qg5 16. Be3 Qh5 17. Bf3 Qf7 18. Na4 Be7 19. Nb6 1-0

[Event "Top Loire 2011-2012"]
[Site "Loire"]
[Date "2011.11.05"]
[Round "2.5"]
[White "Aumont-Mathieu, Georges"]
[Black "Cursoux, Gerard"]
[Result "0-1"]
[WhiteElo "1860"]
[BlackElo "1960"]
[PlyCount "64"]
[EventDate "2011.??.??"]

1. e4 d6 2. d4 Nf6 3. Nc3 g6 4. Be2 Bg7 5. Be3 O-O 6. g4 c6 7. h4 Qa5 8. f3 b5
9. a3 e5 10. dxe5 dxe5 11. b4 Qc7 12. h5 Rd8 13. Bd3 a5 14. Nge2 Be6 15. Qc1
axb4 16. axb4 Rxa1 17. Qxa1 Nbd7 18. Ng3 Bf8 19. hxg6 fxg6 20. g5 Ne8 21. O-O
Bxb4 22. Kg2 Nc5 23. Be2 Nb7 24. f4 exf4 25. Bxf4 Bd6 26. Bxd6 Nbxd6 27. Qa3
Nf7 28. Qc5 Qd6 29. Qxd6 Rxd6 30. Bd3 Nxg5 31. e5 Rd8 32. Nce4 Bh3+ 0-1

[Event "Top Loire 2011-2012"]
[Site "Loire"]
[Date "2011.11.05"]
[Round "2.6"]
[White "Jan, Christophe"]
[Black "Boeuf, Jean-Julien"]
[Result "1-0"]
[WhiteElo "1880"]
[BlackElo "1550"]
[PlyCount "65"]
[EventDate "2011.??.??"]

1. e4 Nf6 2. Nc3 d5 3. exd5 Nxd5 4. Bc4 Nb6 5. Bb3 Bf5 6. Qf3 e6 7. Qxb7 Bd6 8.
Qf3 a5 9. a3 O-O 10. d3 Na6 11. Bd2 a4 12. Ba2 Be5 13. g4 Bg6 14. h4 h6 15. h5
Bh7 16. Nh3 Bf6 17. Qg2 Bg5 18. f4 Bh4+ 19. Nf2 g5 20. hxg6 Bxg6 21. f5 Bh7 22.
Bxh6 Re8 23. O-O-O Bg5+ 24. Kb1 Nd5 25. Nxd5 exd5 26. Bxd5 Rb8 27. Qh3 Rxb2+
28. Kxb2 Qf6+ 29. d4 Qb6+ 30. Ka1 Bf6 31. Be3 Qd6 32. Qxh7+ Kf8 33. Qxf7# 1-0

[Event "Top Loire 2011-2012"]
[Site "Loire"]
[Date "2011.11.05"]
[Round "2.7"]
[White "Bruel, Bruno"]
[Black "Furnon, Yannick"]
[Result "1/2-1/2"]
[WhiteElo "1710"]
[BlackElo "1860"]
[PlyCount "54"]
[EventDate "2011.??.??"]

1. d4 d5 2. c4 c6 3. Nf3 Nf6 4. Nc3 dxc4 5. a4 Bf5 6. e3 e6 7. Bxc4 Bb4 8. O-O
O-O 9. Na2 Bd6 10. Nc3 Nbd7 11. b3 Qe7 12. Bd3 Bxd3 13. Qxd3 e5 14. Ne4 Nxe4
15. Qxe4 Nf6 16. Qh4 e4 17. Nd2 Rad8 18. f3 Rfe8 19. Nc4 Qe6 20. Bd2 Bc7 21.
Kh1 Rd5 22. f4 Rh5 23. Qg3 Qf5 24. Ne5 Re6 25. Rac1 Nd5 26. b4 Reh6 27. Qg4
Qxg4 1/2-1/2

[Event "Top Loire 2011-2012"]
[Site "Loire"]
[Date "2011.11.05"]
[Round "2.8"]
[White "Walter, Alain"]
[Black "Vier, Serge"]
[Result "1/2-1/2"]
[WhiteElo "1810"]
[BlackElo "1720"]
[PlyCount "84"]
[EventDate "2011.??.??"]

1. d4 d5 2. Nf3 Nf6 3. e3 Bg4 4. c4 e6 5. Nc3 Nbd7 6. Be2 Be7 7. O-O O-O 8. Bd2
c6 9. cxd5 exd5 10. Rc1 Re8 11. h3 Bh5 12. g4 Bg6 13. Nh4 Ne4 14. Nxg6 hxg6 15.
Kg2 Bh4 16. Nxe4 Rxe4 17. Bd3 Re8 18. Qc2 Nf6 19. Be1 Qd6 20. f3 Bxe1 21. Rcxe1
Re6 22. Qf2 Rae8 23. Re2 b6 24. Rfe1 Qb4 25. e4 dxe4 26. fxe4 Qd6 27. Bc4 Rxe4
28. Rxe4 Rxe4 29. Rxe4 Nxe4 30. Qxf7+ Kh8 31. Qf3 Nd2 32. Qd3 Nxc4 33. Qxc4 Qf4
34. Qd3 Qd6 35. Qe4 Kg8 36. Kf3 Qf6+ 37. Ke3 Qd6 38. Qe8+ Kh7 39. Qe5 Qb4 40.
Qc7 Qe1+ 41. Kd3 Qd1+ 42. Ke3 Qe1+ 1/2-1/2

[Event "Top Loire 2011-2012"]
[Site "Loire"]
[Date "2011.10.29"]
[Round "2.9"]
[White "Pareux, Marc"]
[Black "Longueville, Thomas"]
[Result "0-1"]
[WhiteElo "1680"]
[BlackElo "1794"]
[PlyCount "38"]
[EventDate "2011.??.??"]

1. d4 Nf6 2. Nc3 e6 3. e4 Bb4 4. Bd3 Nc6 5. Nge2 d5 6. O-O Bxc3 7. Nxc3 dxe4 8.
Nxe4 Qxd4 9. c3 Qd5 10. Qf3 Ne5 11. Nxf6+ gxf6 12. Qxd5 exd5 13. Rd1 Be6 14.
Bc2 Rg8 15. Kh1 O-O-O 16. f4 Ng4 17. f5 Bd7 18. Bf4 Nf2+ 19. Kg1 Nh3+ 0-1

[Event "Top Loire 2011-2012"]
[Site "Loire"]
[Date "2011.12.03"]
[Round "3.1"]
[White "Licata-Messana, Luc"]
[Black "Morice, Ludovic"]
[Result "1-0"]
[WhiteElo "1870"]
[BlackElo "2058"]
[PlyCount "65"]
[EventDate "2011.??.??"]

1. c4 Nf6 2. g3 g6 3. Bg2 Bg7 4. Nc3 O-O 5. e4 d6 6. Nge2 c5 7. d4 cxd4 8. Nxd4
Nc6 9. Nc2 Bg4 10. f3 Be6 11. Qe2 Qd7 12. Nd5 Rac8 13. Bg5 Ne5 14. Nce3 Rfe8
15. O-O Nc6 16. Qd2 Qd8 17. Bxf6 exf6 18. Rad1 Ne5 19. b3 f5 20. f4 Nc6 21.
exf5 Bxf5 22. Nxf5 gxf5 23. Rfe1 Re6 24. Ne3 Qf6 25. Bd5 Ree8 26. Qd3 Nd4 27.
Bxb7 Rc7 28. Nd5 Rxe1+ 29. Rxe1 Qd8 30. Nxc7 Qxc7 31. Re8+ Bf8 32. Qxd4 Qxb7
33. Qxd6 1-0

[Event "Top Loire 2011-2012"]
[Site "Loire"]
[Date "2011.12.03"]
[Round "3.2"]
[White "Tchalimian, Pascal"]
[Black "Muller, Anthony"]
[Result "0-1"]
[WhiteElo "2051"]
[BlackElo "1960"]
[PlyCount "86"]
[EventDate "2011.??.??"]

1. b3 d5 2. Bb2 Nf6 3. e3 Bf5 4. Nf3 e6 5. d4 Bd6 6. a3 O-O 7. Bd3 Ne4 8. Nbd2
Nd7 9. O-O Qe7 10. Re1 c6 11. Nf1 e5 12. Nxe5 Nxe5 13. dxe5 Bxe5 14. Bxe5 Qxe5
15. f3 Nd6 16. Ng3 Rfe8 17. a4 c5 18. Nxf5 Nxf5 19. Bxf5 Qxf5 20. Qd3 Qxd3 21.
cxd3 Kf8 22. Kf2 Ke7 23. Ke2 Kd6 24. Kd2 Re6 25. Re2 Rae8 26. Rc1 f5 27. g3 Rc8
28. d4 Rc6 29. dxc5+ Rxc5 30. Rxc5 Kxc5 31. Kc3 Rxe3+ 32. Rxe3 d4+ 33. Kd2
dxe3+ 34. Kxe3 Kb4 35. Kf4 Kxb3 36. Kxf5 Kxa4 37. Ke6 b5 38. Kf7 b4 39. Kxg7 b3
40. Kxh7 b2 41. f4 b1=Q+ 42. Kh6 Qf5 43. Kg7 Kb5 0-1

[Event "Top Loire 2011-2012"]
[Site "Loire"]
[Date "2011.12.03"]
[Round "3.3"]
[White "Moleins, Adrien"]
[Black "Deville, Olivier"]
[Result "0-1"]
[WhiteElo "1703"]
[BlackElo "1970"]
[PlyCount "94"]
[EventDate "2011.??.??"]

1. e4 c5 2. Nf3 d6 3. c3 Nf6 4. Qc2 Qc7 5. Na3 a6 6. g3 e6 7. d3 b5 8. Bg2 Bb7
9. O-O Be7 10. Re1 Nbd7 11. Bg5 h6 12. Bf4 O-O 13. Rac1 Rac8 14. Qe2 Qb8 15.
Nd2 e5 16. Be3 d5 17. f4 dxe4 18. Nxe4 Nd5 19. fxe5 Nxe3 20. Bh3 Rc7 21. Bxd7
Rxd7 22. e6 fxe6 23. Qxe3 Qe5 24. Nc2 b4 25. d4 cxd4 26. cxd4 Qd5 27. Rcd1 Qxa2
28. Nd2 Bd5 29. Rb1 Rc7 30. Qd3 a5 31. Ne3 Bg5 32. Nxd5 Qxd5 33. Re5 Qa2 34.
Ne4 Rc1+ 35. Rxc1 Bxc1 36. Nc5 Qxb2 37. Re2 Qa1 38. Kg2 Bb2 39. Rxe6 Bxd4 40.
Nb3 Qa2+ 41. Kh3 Bf6 42. Re2 Qa3 43. Qd5+ Kh8 44. Nxa5 Rd8 45. Qh5 Ra8 46. Qf5
Qc3 47. Qb1 Qc8+ 0-1

[Event "Top Loire 2011-2012"]
[Site "Loire"]
[Date "2011.12.03"]
[Round "3.4"]
[White "Cursoux, Gerard"]
[Black "Jan, Christophe"]
[Result "0-1"]
[WhiteElo "1960"]
[BlackElo "1880"]
[PlyCount "80"]
[EventDate "2011.??.??"]

1. e4 e5 2. f4 d6 3. Bc4 Nf6 4. Nc3 Nc6 5. Nf3 Be7 6. O-O O-O 7. d4 exd4 8.
Nxd4 Nxd4 9. Qxd4 b6 10. Kh1 Bb7 11. Qd3 c6 12. e5 dxe5 13. fxe5 Qxd3 14. cxd3
Ng4 15. d4 c5 16. Nd5 Bxd5 17. Bxd5 Rad8 18. Bf3 Rxd4 19. Bxg4 Rxg4 20. Bf4 g5
21. Bg3 Rd8 22. Rf2 h5 23. Raf1 Rf8 24. Rd2 Rd4 25. Be1 Rxd2 26. Bxd2 Kg7 27.
a4 Kg6 28. a5 b5 29. Be3 a6 30. Rc1 Rd8 31. h4 c4 32. hxg5 Rd5 33. Bf4 Bd8 34.
Re1 Kf5 35. g3 Bxa5 36. Ra1 b4 37. Ra4 c3 38. bxc3 b3 39. Ra1 b2 40. Rb1 Bxc3
0-1

[Event "Top Loire 2011-2012"]
[Site "Loire"]
[Date "2011.12.03"]
[Round "3.5"]
[White "Garon, Pierre"]
[Black "Andre, Gregory"]
[Result "1-0"]
[WhiteElo "1926"]
[BlackElo "1720"]
[PlyCount "63"]
[EventDate "2011.??.??"]

1. d4 Nf6 2. Nf3 e6 3. e3 d5 4. Bd3 Be7 5. Nbd2 O-O 6. O-O Nbd7 7. b3 b6 8. Bb2
c6 9. Ne5 Qc7 10. f4 c5 11. g4 Nxe5 12. fxe5 Ne8 13. Qf3 f5 14. gxf5 exf5 15.
Qxd5+ Kh8 16. Qxa8 Bb7 17. Qxa7 Qc6 18. Kf2 Nc7 19. d5 Qxd5 20. Qxb6 Qg2+ 21.
Ke1 Bh4+ 22. Kd1 Nd5 23. Qxc5 Be7 24. Qd4 Bg5 25. Nc4 Nb4 26. Re1 Rd8 27. Nd6
Bf3+ 28. Kc1 Nd5 29. Nf7+ Kg8 30. Nxd8 Nxe3 31. Kb1 Bh4 32. Qxe3 1-0

[Event "Top Loire 2011-2012"]
[Site "Loire"]
[Date "2011.12.03"]
[Round "3.6"]
[White "Longueville, Thomas"]
[Black "Aumont-Mathieu, Georges"]
[Result "0-1"]
[WhiteElo "1796"]
[BlackElo "1860"]
[PlyCount "76"]
[EventDate "2011.??.??"]

1. Nf3 f5 2. d4 Nf6 3. Bg5 Ne4 4. Bh4 h6 5. e3 d6 6. Ne5 h5 7. Ng6 Rh6 8. f3
Rxg6 9. fxe4 Rg4 10. g3 fxe4 11. h3 Rxh4 12. gxh4 g6 13. Nc3 Bf5 14. Qd2 e6 15.
O-O-O Qxh4 16. Nb5 Na6 17. d5 e5 18. Qa5 Qe7 19. Nc3 Nc5 20. b4 b6 21. Bb5+ Nd7
22. Qa6 Bh6 23. Qb7 Bxe3+ 24. Kb2 Qd8 25. Bc6 Rb8 26. Qxa7 Bd4 27. Rxd4 exd4
28. Nb5 Kf8 29. Rf1 Kg8 30. Nxd4 Rc8 31. Rg1 Qf6 32. c3 Ne5 33. Bb5 Nd3+ 34.
Kb3 e3 35. Qa6 Nf4 36. Nxf5 Qxf5 37. Rg5 Qb1+ 38. Ka3 Rf8 0-1

[Event "Top Loire 2011-2012"]
[Site "Loire"]
[Date "2011.12.03"]
[Round "3.7"]
[White "Furnon, Yannick"]
[Black "Walter, Alain"]
[Result "1-0"]
[WhiteElo "1860"]
[BlackElo "1810"]
[PlyCount "89"]
[EventDate "2011.??.??"]

1. d4 d5 2. c4 e6 3. Nc3 Nf6 4. cxd5 exd5 5. Bg5 Be7 6. e3 O-O 7. Bd3 c6 8. Qc2
h6 9. Bh4 Re8 10. Nf3 Nbd7 11. O-O Ne4 12. Bxe7 Qxe7 13. Rab1 Nf8 14. b4 Ng6
15. b5 Bg4 16. Be2 Bf5 17. Bd3 Nxc3 18. Qxc3 Bxd3 19. Qxd3 Qe6 20. bxc6 bxc6
21. Rb7 Re7 22. Rfb1 Rxb7 23. Rxb7 Qc8 24. Qb3 f5 25. g3 a5 26. a4 Kh7 27. Qb6
Qe8 28. Qc7 Qg8 29. Qxc6 Rc8 30. Qd7 Kh8 31. h4 Rb8 32. Rxb8 Qxb8 33. Qxd5 Qb1+
34. Kg2 Qb4 35. Qb5 Ne7 36. Qxb4 axb4 37. Nd2 Kg8 38. Kf3 Nd5 39. a5 Kf8 40. e4
fxe4+ 41. Kxe4 Nc7 42. f4 Ke7 43. g4 Nb5 44. Kd5 Kd7 45. Kc5 1-0

[Event "Top Loire 2011-2012"]
[Site "Loire"]
[Date "2011.12.03"]
[Round "3.8"]
[White "Boeuf, Jean-Julien"]
[Black "Bruel, Bruno"]
[Result "0-1"]
[WhiteElo "1550"]
[BlackElo "1710"]
[PlyCount "100"]
[EventDate "2011.??.??"]

1. e4 c5 2. c3 e6 3. d4 d5 4. e5 cxd4 5. cxd4 Ne7 6. Nf3 Ng6 7. Bd3 Be7 8. O-O
O-O 9. Bd2 Nc6 10. a3 a6 11. b4 b5 12. Bc1 Bb7 13. Re1 Qb6 14. Bb2 a5 15. Nc3
Ba6 16. bxa5 Nxa5 17. a4 Nc4 18. Qb3 b4 19. Nb1 Nf4 20. Bf1 Rfc8 21. Bc1 Ng6
22. Rd1 Na5 23. Qb2 Rc7 24. Na3 Bxf1 25. Rxf1 Nc4 26. Qb1 bxa3 27. Qxb6 Nxb6
28. Bxa3 Bxa3 29. Rxa3 Rxa4 30. Rxa4 Nxa4 31. Ra1 Nb6 32. g3 h6 33. Ra6 Rc1+
34. Kg2 Nc4 35. Ra8+ Kh7 36. Ra7 Nh8 37. g4 g5 38. h4 gxh4 39. Nxh4 Kg7 40. Kg3
Ng6 41. Nxg6 Kxg6 42. f4 Rc3+ 43. Kh4 Ne3 44. f5+ exf5 45. Ra6+ Kg7 46. gxf5
Nxf5+ 47. Kg4 Nxd4 48. Ra5 Kg6 49. Rxd5 Ne6 50. Ra5 Rc5 0-1

[Event "Top Loire 2011-2012"]
[Site "Loire"]
[Date "2011.11.26"]
[Round "3.9"]
[White "Vier, Serge"]
[Black "Pareux, Marc"]
[Result "0-1"]
[WhiteElo "1720"]
[BlackElo "1680"]
[PlyCount "54"]
[EventDate "2011.??.??"]

1. d4 g6 2. Nf3 Bg7 3. Nc3 c6 4. e4 d5 5. e5 Nh6 6. Bg5 f6 7. exf6 exf6 8. Bf4
O-O 9. Be2 Nf7 10. O-O Re8 11. Qd2 Nd7 12. Rfe1 Nf8 13. Bd3 Bg4 14. Rxe8 Qxe8
15. Re1 Qd7 16. Qe3 Bxf3 17. Qxf3 Ne6 18. Ne2 Re8 19. c3 Nfg5 20. Bxg5 Nxg5 21.
Qf4 Qe7 22. Qd2 f5 23. Kf1 Ne4 24. Bxe4 fxe4 25. Ng3 Qh4 26. h3 Rf8 27. Qe2
Qxg3 0-1

[Event "Top Loire 2011-2012"]
[Site "Loire"]
[Date "2012.01.07"]
[Round "4.1"]
[White "Muller, Anthony"]
[Black "Licata-Messana, Luc"]
[Result "0-1"]
[WhiteElo "1984"]
[BlackElo "1960"]
[PlyCount "128"]
[EventDate "2012.??.??"]

1. d4 d5 2. c4 c6 3. Nf3 Nf6 4. Nc3 dxc4 5. a4 Bf5 6. e3 e6 7. Bxc4 Bb4 8. Qb3
a5 9. O-O Na6 10. Bd2 O-O 11. Rfe1 Qc7 12. Nh4 Ne4 13. Nxe4 Bxe4 14. Re2 Bxd2
15. Rxd2 Qe7 16. Nf3 Bxf3 17. gxf3 Nb4 18. Rad1 Qf6 19. e4 b5 20. Bf1 bxa4 21.
Qxa4 Qxf3 22. Bg2 Qh5 23. Rc1 Qh6 24. Qd1 Rab8 25. Rc3 Rfd8 26. e5 Rb5 27. Rh3
Qf4 28. Rf3 Qg4 29. h3 Qh5 30. Qe2 Rbd5 31. Qe3 c5 32. Rf4 R5d7 33. Rg4 a4 34.
Qa3 Qh6 35. Rd1 f6 36. exf6 Qxf6 37. Qxa4 Qe7 38. Qb3 Rxd4 39. Re1 R4d6 40. Qg3
Nd3 41. Rd1 Nf4 42. Re1 Rd1 43. Qe3 Rxe1+ 44. Qxe1 Qf6 45. Qe3 Rd4 46. Kh2 h5
47. Rg3 Qf5 48. Bf1 h4 49. Rg4 Nd5 50. Qe2 Nf6 51. Rxd4 cxd4 52. b4 Ne4 53. Bg2
Nxf2 54. b5 Nd3 55. Qe4 Qxe4 56. Bxe4 Nc5 57. b6 Nd7 58. b7 Kf8 59. Kg2 Ke7 60.
Bc6 Nb8 61. Bf3 Kd6 62. Kf2 Kc7 63. Ke2 Nd7 64. Kd3 Ne5+ 0-1

[Event "Top Loire 2011-2012"]
[Site "Loire"]
[Date "2012.01.07"]
[Round "4.2"]
[White "Morice, Ludovic"]
[Black "Tchalimian, Pascal"]
[Result "1-0"]
[WhiteElo "2071"]
[BlackElo "2014"]
[PlyCount "101"]
[EventDate "2012.??.??"]

1. e4 e6 2. d4 d5 3. Bd3 Nf6 4. e5 Nfd7 5. Nf3 b6 6. Ng5 Qe7 7. Nc3 g6 8. Nb5
Na6 9. c3 Bg7 10. f4 O-O 11. O-O Bb7 12. Qe2 Rfc8 13. Bd2 Nab8 14. g4 a6 15.
Na3 Bh6 16. Rf3 c5 17. Rh3 Bxg5 18. fxg5 cxd4 19. cxd4 Nc6 20. Qf2 Nb4 21. Bxb4
Qxb4 22. Rf1 Qe7 23. Qh4 Nf8 24. Rhf3 Rc7 25. Rf6 Rac8 26. Qf2 Rc1 27. h4 Rxf1+
28. Qxf1 Nd7 29. Rf3 b5 30. Nc2 Rc7 31. Qf2 Nb6 32. b3 Bc6 33. Qd2 Nc4 34. Qc1
Nxe5 35. dxe5 Qc5+ 36. Rf2 d4 37. Qf4 Qd5 38. Rh2 Bb7 39. h5 Rc3 40. hxg6 fxg6
41. Ne1 Qd8 42. Qf6 Qxf6 43. gxf6 Rc1 44. Kf1 Bf3 45. g5 Bg4 46. Rc2 Ra1 47.
Kf2 Bd1 48. Rd2 Kf7 49. Be2 Bxe2 50. Kxe2 b4 51. Nf3 1-0